Bande Mataram : (Record no. 125574)

MARC details
000 -LEADER
fixed length control field 00664nam a22002297a 4500
005 - DATE AND TIME OF LATEST TRANSACTION
control field 20170124105957.0
010 ## - LIBRARY OF CONGRESS CONTROL NUMBER
LC control number A-878984
020 ## - INTERNATIONAL STANDARD BOOK NUMBER
Terms of availability 00.00
International Standard Book Number 817058167
035 ## - SYSTEM CONTROL NUMBER
System control number A-878984
037 ## - SOURCE OF ACQUISITION
Source of stock number/acquisition Cen Lib/Ret
040 ## - CATALOGING SOURCE
Original cataloging agency DPL
Language of cataloging EN
082 ## - DEWEY DECIMAL CLASSIFICATION NUMBER
Classification number 181.499
Item number AUR
100 ## - MAIN ENTRY--PERSONAL NAME
Personal name Aurobindo, Sri
9 (RLIN) 12069
245 ## - TITLE STATEMENT
Title Bande Mataram :
Statement of responsibility, etc by Sri Aurobindo
Remainder of title early political writtings /
260 ## - PUBLICATION, DISTRIBUTION, ETC. (IMPRINT)
Place of publication, distribution, etc Pondicherry
Name of publisher, distributor, etc Sri Aurobindo Ashram
Date of publication, distribution, etc 1995
270 ## - ADDRESS
City Pondicherry
300 ## - PHYSICAL DESCRIPTION
Extent 917p.
Dimensions 22cm(Hb)
500 ## - GENERAL NOTE
General note
650 ## - SUBJECT ADDED ENTRY--TOPICAL TERM
Topical term or geographic name as entry element British Occupation of India (1765-1947)
9 (RLIN) 104385
650 ## - SUBJECT ADDED ENTRY--TOPICAL TERM
Topical term or geographic name as entry element Nationalism
9 (RLIN) 104386
942 ## - ADDED ENTRY ELEMENTS (KOHA)
Source of classification or shelving scheme Dewey Decimal Classification
Koha item type English Books
Classification part 181.499
Call number suffix AUR
Holdings
Withdrawn status Lost status Damaged status Not for loan Collection code Home library Current library Date acquired Source of acquisition Cost, normal purchase price Total Checkouts Full call number Barcode Date last seen Copy number Cost, replacement price Price effective from Koha item type
      Not For Loan Reference Central Library Central Library 22/06/2015 Cen Lib/Ret 0.00   181.499 AUR A-878984 22/06/2015 1 0.00 22/06/2015 English Books

© Delhi Public Library
Hit Counter
free hit counter